Coaching for leadership : the practice of leadership coaching from the world's greatest coaches

Bibliographic Details
Other Authors: Goldsmith, Marshall, Lyons, Laurence
Format: Book
Published: San Francisco : Pfeiffer , 2006
Edition:2nd.ed.
Subjects:

MARC

LEADER 00000cam a2200000 7i4500
001 0000020875
005 20071204.0
020 |a 0787977632 
040 |a INS 
090 0 0 |a HD30.4   |b C63 2006 
245 0 0 |a Coaching for leadership :   |b the practice of leadership coaching from the world's greatest coaches   |c Marshall Goldsmith, Laurence Lyons 
250 |a 2nd.ed. 
260 |a San Francisco :   |b Pfeiffer ,   |c 2006 
300 |a xvii, 252p. :   |b ill. ;   |c 24cm. 
500 |a Includes index 
650 0 0 |a Business consultants 
650 0 0 |a Executives   |x Training of 
650 0 0 |a Leadership   |x Study and teaching 
650 0 0 |a Mentoring in business 
700 1 |a Goldsmith, Marshall 
700 1 |a Lyons, Laurence 
999 |a 0000019423   |b BOOK   |c Open Shelf   |e Default branch